Nature guides: common butterflies of India (Record no. 400345)

000 -LEADER
fixed length control field 00523cam a22001697a 4500
008 - FIXED-LENGTH DATA ELEMENTS--GENERAL INFORMATION
fixed length control field 180718b1992 xxu||||| |||| 00| 0 eng d
020 ## - INTERNATIONAL STANDARD BOOK NUMBER
International Standard Book Number 0195631641
082 ## - DEWEY DECIMAL CLASSIFICATION NUMBER
Classification number Y7x54 G25
245 ## - TITLE STATEMENT
Title Nature guides: common butterflies of India
Statement of responsibility, etc. by Thomas Gay, Isaac David Kehimkar and Jagdish Chandra Punetha
260 ## - PUBLICATION, DISTRIBUTION, ETC.
Place of publication, distribution, etc. Oxford
Name of publisher, distributor, etc. Oxford Univ. Press
Date of publication, distribution, etc. 1992
300 ## - PHYSICAL DESCRIPTION
Extent 67p.
650 ## - SUBJECT ADDED ENTRY--TOPICAL TERM
Topical term or geographic name entry element Butterflies
650 ## - SUBJECT ADDED ENTRY--TOPICAL TERM
Topical term or geographic name entry element Insects - India
700 ## - ADDED ENTRY--PERSONAL NAME
Personal name Punetha, Jagdish Chandra
700 ## - ADDED ENTRY--PERSONAL NAME
Personal name Kehimkar, Isaac David
700 ## - ADDED ENTRY--PERSONAL NAME
Personal name Gay, Thomas
Holdings
Withdrawn status Lost status Damaged status Not for loan Permanent Location Current Location Date acquired Full call number Barcode Date last seen Price effective from Koha item type
        Indian Institute of Public Administration Indian Institute of Public Administration 2002-10-08 Y7x54 G25 67223 2018-07-21 2018-07-21 Book

Powered by Koha